00982nam a22002297a 4500003000500000005001700005008004100022010001100063011001100074035001100085040000900096100004000105245024400145260004000389500006000429502007900489650003200568650003000600650002700630650003100657856006400688CHAP20250516062731.0110802s2011 mx r 00010 spa d a101688 a102660 a113349 cCHAP1 aMoreno Sánchez, Linda Angélica.10aEstudio de factibilidad técnico económico para el establecimiento de una granja acuícola de tilapia (Oreochromis niloticus) y su industrializadora en Huehetoca, Estado de Méxicoh[En Línea]c/por Linda Angélica Moreno Sánchez aChapingo, Méx. :bEl autor,c2011 aPara ver el contenido del material haga clic en la liga aTesis (Ing. Agroindustrial) -- Departamento de Ingeniería Agroindustrial14aAcuiculturazMexico (Edo.).14aEstudios de factibilidad.14aIndustria del pescado.17aTilapia (nombre común)2 3Finding aiduhttp://10.13.5.2/tesis/113349.pdfzTeclea aqui